Resurrection and the hereafter : from the Risale-i Nur Collection humanity’s encounter with the divine series = Haşir risalesi (Record no. 34430)

MARC details
000 -LEADER
fixed length control field 00760nam a2200181Ia 4500
020 ## - INTERNATIONAL STANDARD BOOK NUMBER
ISBN 9780972065405
050 ## - CALL MARK
Classification number BP 252 .N87 H3713/
100 ## - STATEMENT OF RESPONSIBILITY--MAIN AUTHOR NAME
Personal name Nursi, Said
245 #0 - TITLE STATEMENT
Title Resurrection and the hereafter : from the Risale-i Nur Collection humanity’s encounter with the divine series = Haşir risalesi
260 ## - PUBLICATION, DISTRIBUTION, ETC. (IMPRINT)
Place of publication New Jersey
260 ## - PUBLICATION, DISTRIBUTION, ETC. (IMPRINT)
Name of publisher Tughra Books
260 ## - PUBLICATION, DISTRIBUTION, ETC. (IMPRINT)
Year of publication 2006
300 ## - PHYSICAL DESCRIPTION
Number of Pages 192 p
650 ## - SUBJECT ADDED ENTRY--TOPICAL TERM
Topical Term Islam _ Faith Islam _ Essence, genius, nature Islam _ Universality Sufism Koran _ Criticism, interpretation, etc. Creation (Islam) İslam _ İman İslam _ Evrensellik Tasavvuf Kur’an-ı Kerîm _ Eleştiri, yorum, v.b. Yaratılış (İslamiyet)
942 ## - ADDED ENTRY ELEMENTS (KOHA)
Koha item type Books
Holdings
Withdrawn status Lost status Source of classification or shelving scheme Damaged status Not for loan Permanent Location Current Location Date acquired Accession Number Price effective from Koha item type
    Library of Congress Classification     NILE UNIVERSITY OF NIGERIA - MAIN LIBRARY NILE UNIVERSITY OF NIGERIA - MAIN LIBRARY 04/23/2025 0005621 04/23/2025 Books